Lyrics-Faded: Alan Walker - Statistics

General Stats
  • This quiz has been taken 120 times
  • The average score is 30 of 40
Answer Stats
Hint Answer % Correct
Where ....... ....... now? Where are you now?
93%
Where ....... ....... now? Where are you now?
93%
Where ....... ....... now? Where are you now?
93%
Where ....... ....... now? Where are you now?
93%
Where ....... ....... now? Where are you now?
93%
Where ....... ....... now? Where are you now?
93%
Where ....... ....... now? Where are you now?
93%
Where ....... ....... now? Where are you now?
93%
Where ....... ....... now? Where are you now?
93%
Where ....... ....... now? Where are you now?
93%
Where ....... ....... now? Where are you now?
93%
Where ....... ....... now? Where are you now?
93%
You were the ............. to my ............. You were the shadow to my light
93%
Did ......... feel ...........? Did you feel us?
86%
So ........ , I'm ........... So lost, I'm faded...
76%
So ....... , I'm .............. So lost, I'm faded
76%
I'm .............. , I'm ............... I'm faded, I'm faded
75%
I'm .............. , I'm ............... I'm faded, I'm faded
75%
Under the ......... , under the .......... Under the sea, under the sea,
74%
Under the .......... , under the ........ Under the sea, under the sea,
74%
Another ............... Another dream,
71%
Another .............. Another dream,
71%
The ............. running ............ inside of ...... The monsters running wild inside of me,
68%
The ................. running ........... inside of .... The monsters running wild inside of me
68%
Wanna ...... us, ............? Wanna see us, alive?
68%
Was it ......... in my ................? Was it all in my fantasy?
68%
Were ....... only ...................? Were you only imaginary?
68%
Afraid our ......... is out of ............ Afraid our aim is out of sight
67%
So ........... , I'm ............ , I'm ............. So lost, I'm faded, I'm faded
65%
So ....... , I'm .............. , I'm ............... So lost, I'm faded, I'm faded
65%
................. Atlantis,
64%
...................... Atlantis,
64%
You set my .............. on ....... You set my heart on fire,
63%
I'm letting ... , a deeper ....... I'm letting go, a deeper dive,
60%
Eternal ............ of the ..... Eternal silence of the sea,
58%
Another ............ , you .......... .......... Another start, you fade away
55%
What I ............... What I needed,
55%
These shallow ............ never ..... These shallow waters never met,
52%
I'm ............ , .............. I'm breathing, alive,
49%
Under the ........... , but .............. lights, Under the bright, but faded lights,
34%
No matching quizzes found
Score Distribution
Percent of People with Each Score
Percentile by Number Answered
Your Score History
You have not taken this quiz